Normal view
MARC view
Entry Topical Term
001 - CONTROL NUMBER
- control field: 54347
003 - CONTROL NUMBER IDENTIFIER
- control field: OSt
005 - DATE AND TIME OF LATEST TRANSACTION
- control field: 20250613111858.0
008 - FIXED-LENGTH DATA ELEMENTS
- fixed length control field: 250613|| aca||aabn | a|a d
040 ## - CATALOGING SOURCE
- Original cataloging agency: OSt
- Transcribing agency: OSt
150 ## - HEADING--TOPICAL TERM
- Topical term or geographic name entry element: Perceived Digital Overuse (PDO), Generational cohorts, Millennial, Work-Family Conflict, Gender
670 ## - SOURCE DATA FOUND
- Source citation: Work cat.: (OSt): Dash, Sasmita 54346, A conceptual analysis of technology usage and work–family interface among millennials in india
